000 00469 a2200169 4500
003 OSt
005 20231103142751.0
008 231103b |||||||| |||| 00| 0 eng d
020 _a9789382934516
040 _coclc
082 _a894.812
_bMUN/F
100 _aMuneer, M K
_91782
245 _aFASCISAVUM SANGHAPARIVARUM /
_cM K Muneer
260 _aKerala:
_bOlive,
_c2015.
300 _a298p
942 _2ddc
_cBK
_h894.812
_iMUN/F
_mMUN/F
_k894.812
999 _c42790
_d42790